00724cam a2200229 i 4500001000800000005001700008008004100025010001700066020001500083040001800098041000800116080001800124082002700142100000700169101000800176245006600184504005300250906004500303942001200348999001700360952011700377268873720180212041612.0750404s1976 nyua b 001 0 eng  a 75011817  a0023537205 aDLCcDLCdDLC aeng a301.1832 HER00a301.1832 HERa6582191 a48 aPSI10aDimensions of organizational behavior /cTheodore T. Herbert. aIncludes bibliographical references and indexes. a7bcbccorignewd1eocipf19gy-gencatlg 2ddccBK c42313d42313 00102udc40708PËKGa002b002cPËKGd2018-02-12l0o301.1832 HERp002-2998754r2018-02-12w2018-02-12yBK